MARC details
| 000 -LEADER |
| fixed length control field |
02703cam a2200601Ia 4500 |
| 001 - CONTROL NUMBER |
| control field |
sjds1500943 |
| 003 - CONTROL NUMBER IDENTIFIER |
| control field |
sjds |
| 005 - DATE AND TIME OF LATEST TRANSACTION |
| control field |
20180528161034.0 |
| 008 - FIXED-LENGTH DATA ELEMENTS--GENERAL INFORMATION |
| fixed length control field |
100426t20132010sp d 000 1 spa d |
| 020 ## - INTERNATIONAL STANDARD BOOK NUMBER |
| International Standard Book Number |
9788427200005 (pbk.) |
| 020 ## - INTERNATIONAL STANDARD BOOK NUMBER |
| International Standard Book Number |
8427200005 (pbk.) |
| 020 ## - INTERNATIONAL STANDARD BOOK NUMBER |
| International Standard Book Number |
9788427202139 |
| Terms of availability |
$19.99 |
| 020 ## - INTERNATIONAL STANDARD BOOK NUMBER |
| International Standard Book Number |
842720213X |
| Terms of availability |
$19.99 |
| 035 ## - SYSTEM CONTROL NUMBER |
| System control number |
426516 |
| 035 ## - SYSTEM CONTROL NUMBER |
| Canceled/invalid control number |
(OCoLC)515493905 |
| 035 ## - SYSTEM CONTROL NUMBER |
| System control number |
(OCoLC)609431313 |
| 035 ## - SYSTEM CONTROL NUMBER |
| System control number |
426516 |
| 040 ## - CATALOGING SOURCE |
| Original cataloging agency |
UPZ |
| Transcribing agency |
UPZ |
| Modifying agency |
BTCTA |
| -- |
YDXCP |
| -- |
IFA |
| -- |
UtOrBLW |
| 041 1# - LANGUAGE CODE |
| Language code of text/sound track or separate title |
spa |
| Language code of original |
eng |
| 049 ## - LOCAL HOLDINGS (OCLC) |
| Holding library |
IFAA |
| 099 ## - LOCAL FREE-TEXT CALL NUMBER (OCLC) |
| Filing suffix |
2013 |
| 100 1# - MAIN ENTRY--PERSONAL NAME |
| Personal name |
Collins, Suzanne, |
| Relator term |
author. |
| 240 10 - UNIFORM TITLE |
| Uniform title |
<a href="Catching fire.">Catching fire.</a> |
| Language of a work |
Spanish |
| 245 10 - TITLE STATEMENT |
| Title |
En llamas / |
| Statement of responsibility, etc. |
Suzanne Collins ; traducción de Pilar Ramírez Tello. |
| 250 ## - EDITION STATEMENT |
| Edition statement |
1a. edition. |
| 260 ## - PUBLICATION, DISTRIBUTION, ETC. (IMPRINT) |
| Place of publication, distribution, etc. |
Barcelona : |
| Name of publisher, distributor, etc. |
Molino, |
| Date of publication, distribution, etc. |
[2013], c2010 |
| 264 #1 - PRODUCTION, PUBLICATION, DISTRIBUTION, MANUFACTURE, AND COPYRIGHT NOTICE |
| Place of production, publication, distribution, manufacture |
Barcelona : |
| Name of producer, publisher, distributor, manufacturer |
Molino, |
| Date of production, publication, distribution, manufacture, or copyright notice |
[2013] |
| 264 #4 - PRODUCTION, PUBLICATION, DISTRIBUTION, MANUFACTURE, AND COPYRIGHT NOTICE |
| Date of production, publication, distribution, manufacture, or copyright notice |
c2010 |
| 300 ## - PHYSICAL DESCRIPTION |
| Extent |
407 pages ; |
| Dimensions |
22 cm. |
| 336 ## - CONTENT TYPE |
| Content type term |
text |
| Content type code |
txt |
| Source |
rdacontent |
| 337 ## - MEDIA TYPE |
| Media type term |
unmediated |
| Media type code |
n |
| Source |
rdamedia |
| 338 ## - CARRIER TYPE |
| Carrier type term |
volume |
| Carrier type code |
nc |
| Source |
rdacarrier |
| 490 1# - SERIES STATEMENT |
| Series statement |
Segundo libro de Los juegos del hambre ; |
| Volume/sequential designation |
2 |
| 500 ## - GENERAL NOTE |
| General note |
Título original: Catching fire. |
| 520 ## - SUMMARY, ETC. |
| Summary, etc. |
"Katniss Everdeen ha sobrevivido a Los juegos del hambre. Pero el Capitolio quiere venganza. Contra todopron?stico, Katniss Everdeen y Peeta Mellark siguen vivos. Aunque Katniss deber?a sentirse aliviada, se rumorea queexiste una rebeli?n contra el Capitolio, una rebeli?n que puede que Katniss y Peeta hayan ayudado a inspirar. La naci?nles observa y hay mucho en juego. Un movimiento en falso y las consecuencias ser?n inimaginables"--casadellibro.com. |
| 520 ## - SUMMARY, ETC. |
| Summary, etc. |
By winning the annual Hunger Games, District 12 tributes Katniss Everdeen and Peeta Mellark have secured a life of safety and plenty for themselves and their families, but because they won by defying the rules, they unwittingly become the faces of an impending rebellion. |
| 546 ## - LANGUAGE NOTE |
| Language note |
Text in Spanish. |
| 650 #0 - SUBJECT ADDED ENTRY--TOPICAL TERM |
| Topical term or geographic name as entry element |
Contests |
| Form subdivision |
Juvenile fiction. |
| 650 #0 - SUBJECT ADDED ENTRY--TOPICAL TERM |
| Topical term or geographic name as entry element |
Shipwreck survival |
| Form subdivision |
Juvenile fiction. |
| 650 #0 - SUBJECT ADDED ENTRY--TOPICAL TERM |
| Topical term or geographic name as entry element |
Television programs |
| Form subdivision |
Juvenile fiction. |
| 650 #0 - SUBJECT ADDED ENTRY--TOPICAL TERM |
| Topical term or geographic name as entry element |
Interpersonal relations |
| Form subdivision |
Juvenile fiction. |
| 650 #0 - SUBJECT ADDED ENTRY--TOPICAL TERM |
| Topical term or geographic name as entry element |
Insurgency |
| Form subdivision |
Juvenile fiction. |
| 650 #0 - SUBJECT ADDED ENTRY--TOPICAL TERM |
| Topical term or geographic name as entry element |
Science fiction |
| Form subdivision |
Juvenile literature. |
| 650 #7 - SUBJECT ADDED ENTRY--TOPICAL TERM |
| Topical term or geographic name as entry element |
Concursos |
| Form subdivision |
Novela juvenil. |
| Source of heading or term |
local |
| 650 #7 - SUBJECT ADDED ENTRY--TOPICAL TERM |
| Topical term or geographic name as entry element |
Supervivencia |
| Form subdivision |
Novela juvenil. |
| Source of heading or term |
bidex |
| 650 #7 - SUBJECT ADDED ENTRY--TOPICAL TERM |
| Topical term or geographic name as entry element |
Televisión |
| General subdivision |
Programas |
| Form subdivision |
Novela juvenil. |
| Source of heading or term |
bidex |
| 650 #7 - SUBJECT ADDED ENTRY--TOPICAL TERM |
| Topical term or geographic name as entry element |
Relaciones humanas |
| Form subdivision |
Novela juvenil. |
| Source of heading or term |
bidex |
| 650 #7 - SUBJECT ADDED ENTRY--TOPICAL TERM |
| Topical term or geographic name as entry element |
Insurrección |
| Form subdivision |
Novela juvenil. |
| Source of heading or term |
bidex |
| 650 #7 - SUBJECT ADDED ENTRY--TOPICAL TERM |
| Topical term or geographic name as entry element |
Ciencia-ficción |
| Form subdivision |
Literatura juvenil. |
| Source of heading or term |
bidex |
| 700 1# - ADDED ENTRY--PERSONAL NAME |
| Personal name |
Ramírez Tello, Pilar. |
| 800 1# - SERIES ADDED ENTRY--PERSONAL NAME |
| Personal name |
Collins, Suzanne. |
| Title of a work |
Hunger Games. |
| Language of a work |
Spanish ; |
| Volume/sequential designation |
book 2. |
| 942 ## - ADDED ENTRY ELEMENTS (KOHA) |
| Koha item type |
Libro/Book |